Budování státu : Československá politika v letech popřevratových ; [Díl] 3, Rok 1920 / Ferdinand Peroutka
Record details
- Physical Description: s. 1381-2116 ; 8°
- Publisher: V Praze : Fr. Borový, 1936
Content descriptions
| General Note: | Obálka a vazba od Fr. Muziky |
Available copies
- 1 of 1 copy available at Common Catalog SPOK.
Holds
- 0 current holds with 1 total copy.
Show Only Available Copies
| Location | Call Number / Copy Notes | Barcode | Shelving Location | Status | Due Date |
|---|---|---|---|---|---|
| Terezin Initiative Institute | 4792 | 4594304792 | Knihovna ITI | Available | - |
| LDR | 01115nam a22003257a 4500 | ||
|---|---|---|---|
| 001 | 27051 | ||
| 003 | CZ-PrJAB | ||
| 005 | 20220825131324.0 | ||
| 008 | 070831s1936 xr gr ||| 0|cze | ||
| 015 | . | ‡acnb000799337 | |
| 035 | . | ‡a(CONS)1868 | |
| 035 | . | ‡a(CZ PrSKC)000397404 | |
| 035 | . | ‡a(OCoLC)85581618 | |
| 040 | . | ‡aABA007 ‡dABA100 | |
| 080 | . | ‡a328/329 ‡2MRF | |
| 080 | . | ‡a338.2 ‡2MRF | |
| 080 | . | ‡a94(437) ‡2MRF | |
| 080 | . | ‡a(437) ‡2MRF | |
| 080 | . | ‡a(048.8) ‡2MRF | |
| 100 | 1 | . | ‡aPeroutka, Ferdinand, ‡d1895-1978 ‡7jk01092591 ‡4aut |
| 245 | 1 | 0. | ‡aBudování státu : ‡bČeskoslovenská politika v letech popřevratových ; ‡n[Díl] 3, ‡pRok 1920 / ‡cFerdinand Peroutka |
| 260 | . | ‡aV Praze : ‡bFr. Borový, ‡c1936 ‡e(Brno : ‡fAkc. mor. knihtiskárna Polygrafie) | |
| 300 | . | ‡as. 1381-2116 ; ‡c8° | |
| 500 | . | ‡aObálka a vazba od Fr. Muziky | |
| 852 | 4 | . | ‡bJACH-ITI ‡bJACH-ITI ‡cKnihovna ITI ‡j4792 ‡p4792 ‡y$0.00 |
| 910 | . | ‡aABE340 ‡b4792 | |
| 995 | . | ‡askok | |
| 901 | . | ‡a27051 ‡bUnknown ‡c27051 ‡tbiblio | |